| Tag |
First Indicator |
Second Indicator |
Subfields |
| LEADER |
00000cam a2200000 a 4500 |
| 001 |
in00005776350 |
| 005 |
20260327191533.1 |
| 006 |
m o d |
| 007 |
cr |n||||||||| |
| 008 |
251102t20252026mau o 000 0 eng d |
| 040 |
|
|
|a YDX
|b eng
|c YDX
|d N$T
|d OPELS
|d OCLCO
|d UKAHL
|
| 020 |
|
|
|a 9780443266287
|q (electronic bk.)
|
| 020 |
|
|
|a 044326628X
|q (electronic bk.)
|
| 020 |
|
|
|z 9780443266270
|
| 020 |
|
|
|z 0443266271
|
| 035 |
|
|
|a (OCoLC)1547896069
|
| 050 |
|
4 |
|a TA455.G65
|
| 082 |
0 |
4 |
|a 620.1/15
|2 23/eng/20251112
|
| 049 |
|
|
|a TXAM
|
| 245 |
0 |
0 |
|a Graphene :
|b synthesis, properties, technology and applications /
|c Edited by: Saritha Appukuttan, Jitha S. Jayan and A.S. Sethulekshmi.
|
| 260 |
|
|
|a Cambridge :
|b Woodhead Publishing,
|c 2025, c2026.
|
| 300 |
|
|
|a 1 online resource
|
| 336 |
|
|
|a text
|b txt
|2 rdacontent
|
| 337 |
|
|
|a computer
|b c
|2 rdamedia
|
| 338 |
|
|
|a online resource
|b cr
|2 rdacarrier
|
| 490 |
1 |
|
|a Woodhead Publishing in materials
|
| 650 |
|
0 |
|a Graphene.
|
| 650 |
|
6 |
|a Graphène.
|
| 655 |
|
7 |
|a Electronic books.
|2 local
|
| 710 |
2 |
|
|a ScienceDirect (Online service)
|
| 776 |
0 |
8 |
|i Print version:
|z 0443266271
|z 9780443266270
|w (OCoLC)1490366649
|
| 830 |
|
0 |
|a Woodhead Publishing in materials.
|
| 856 |
4 |
0 |
|u http://proxy.library.tamu.edu/login?url=https://www.sciencedirect.com/science/book/9780443266270
|z Connect to the full text of this electronic book
|t 0
|
| 955 |
|
|
|a Elsevier ScienceDirect 2026-2027
|
| 994 |
|
|
|a 92
|b TXA
|
| 999 |
f |
f |
|i 19ebe997-d91a-45df-9b40-a071a0c5ee92
|s ca6e9fe1-c64a-402b-8bab-50309587f5e4
|t 0
|
| 952 |
f |
f |
|a Texas A&M University
|b College Station
|c Electronic Resources
|s www_evans
|d Available Online
|t 0
|e TA455.G65
|h Library of Congress classification
|
| 998 |
f |
f |
|a TA455.G65
|t 0
|l Available Online
|